000
00176 a2200097 4500
001
5109
100
_a
Brow
245
_a
Heat
260
_a
_b
Longmans
_c
090
_c
4252
_d
4252
942
_a
NUST-CAE
_c
M
_c
30548
999
_c
240182
_d
240182